000 01041cam a2200289 a 4500
005 20080604192006.0
008 070725s2008 nyua f 001 0 eng
010 _aENG-91625
020 _a9788183332934
_c399.00
020 _a8183332935
_c399.00
035 _aEN-75158
037 _bDBAD / PUB
040 _adpl
_bEnglish
082 _a005.13
100 _aKanetkar, Yashavant P.
245 _aInterview questions in C programming /
_cby Yashavant P. Kanetkar [and] Asang Dani
260 _aNew Delhi
_bBPB Publications
_c2008
270 _aB-14, Connaught Place
_bNew Delhi
_e110001
300 _av, 510 p.
_c24 cm (pbk)
650 _aComputer programming
650 _aC (Computer program language)
650 _aprogramming language
700 _aDani, Asang
710 _aCNET (Firm)
942 _2ddc
_cEN
_mKAN
_h005.13
999 _c18618
_d18618